| 000 | 00813nam a22001815i 4500 | ||
|---|---|---|---|
| 001 | 156040 | ||
| 003 | ES-MaACL | ||
| 005 | 20230906210312.0 | ||
| 008 | 040726s1891 sp |||| | spa d | ||
| 040 |
_aCAM _bspa _cCAM |
||
| 110 | 2 |
_aInstituto Vizcaíno. _95253 |
|
| 245 | 1 | 0 |
_aMemoria acerca del estado del Instituto Vizcaíno de Segunda Enseñanza durante el curso de 1890 á 1891 _b: leída en la apertura del de 1891 á 1892 / _cpor Julián Irurozqui y Palacios. |
| 260 |
_aBilbao : _b[s.n.], _c1891 ( _fEst. Tipográfico de la Viuda de E. Calle) |
||
| 300 |
_a72 p., 28 cuadr. ; _c21 cm. |
||
| 610 | 2 | 4 |
_aInstituto Vizcaíno- _vMemorias. _9147223 |
| 700 | 1 |
_aIrurozqui y Palacios, Julián. _9128204 |
|
| 852 |
_aES-MaACL _jT-531-F-8 _z-- Enc. hol., conservando la cub. original _z-- Enc. en un vol. facticio |
||
| 999 |
_c156040 _d156040 |
||